=LDR 00000nam 2200000 4500 =001 INLIS000000000021847 =005 20130612120651 =008 ***********************************Ind** =035 ##$$0010-061300000021847 =041 ##$$a Ind =082 ##$$a 428 =090 ##$$a 428, Lar e =100 ##$$a Larcom, David L =245 ##$$a English is fun, David J. Larcom =260 ##$$a 1997 $b Jakarta =300 ##$$a 95 hlm., 95 cm =650 ##$$a Bahasa Inggris-Pemahaman =850 ##$$a NBPNMAT =990 ##$$a 00053391